[Event "25th European Teams"]
[Site "Batumi GEO"]
[Date "2025.10.13"]
[Round "8.8"]
[Board "3"]
[White "Laurent-Paoli, Pierre"]
[Black "Sanikidze, Tornike"]
[Result "1/2-1/2"]
[WhiteTitle "GM"]
[BlackTitle "GM"]
[WhiteElo "2570"]
[BlackElo "2409"]
[WhiteTeam "France"]
[BlackTeam "Georgia 2"]
[WhiteFideId "26017962"]
[BlackFideId "13602608"]
[EventDate "2025.10.05"]

1. d4 Nf6 2. c4 e6 3. Nf3 d5 4. g3 Bb4+ 5. Bd2 a5 6. Bg2 O-O 7. Qc2 b6 8. a3
Bxd2+ 9. Nbxd2 Na6 10. O-O c5 11. dxc5 Nxc5 12. b4 Ncd7 13. Nd4 Bb7 14. Qb2 axb4
15. axb4 Qb8 16. Rxa8 Bxa8 17. Ra1 Bb7 18. cxd5 Nxd5 19. Nc4 Rc8 20. Rc1 Ne7 21.
Bxb7 Qxb7 22. Nd6 Rxc1+ 23. Qxc1 Qb8 24. N4b5 Nd5 25. Qa3 h6 26. e4 Nc7 27. Nd4
Qf8 28. b5 Ne8 29. Nc4 Qxa3 30. Nxa3 Nd6 31. f3 g5 32. Kf2 g4 33. fxg4 Nxe4+ 34.
Kf3 Nd6 35. h3 Kg7 36. Nb1 Ne5+ 37. Ke3 Nec4+ 38. Kd3 Ne5+ 39. Ke2 Nec4 40. Nc3
Na3 41. Kf3 Kg6 42. Kf4 Nac4 43. Nc2 e5+ 44. Kf3 f6 45. Nb4 Na3 46. Ncd5 Nac4
47. Nc3 Na3 48. Nbd5 Naxb5 49. Nxb5 Nxb5 50. Nxb6 Nd6 51. Nd5 Kf7 52. Ne3 Kg6
53. Nd5 Kf7 54. Nc3 Kg6 55. Ke3 Kg5 56. Nd5 Kg6 57. Kd3 Kf7 58. Ke3 Ke6 59. Nc7+
Kd7 60. Nd5 Ke6 61. Nc3 Kf7 62. Nd5 1/2-1/2

[Event "25th European Teams"]
[Site "Batumi GEO"]
[Date "2025.10.13"]
[Round "8.8"]
[Board "4"]
[White "Akhvlediani, Irakli"]
[Black "Lagarde, Maxime"]
[Result "1-0"]
[WhiteTitle "IM"]
[BlackTitle "GM"]
[WhiteElo "2436"]
[BlackElo "2617"]
[WhiteTeam "Georgia 2"]
[BlackTeam "France"]
[WhiteFideId "13601938"]
[BlackFideId "662399"]
[EventDate "2025.10.05"]

1. Nf3 Nf6 2. g3 d6 3. c4 e5 4. Nc3 g6 5. Bg2 Bg7 6. O-O O-O 7. d3 a5 8. a3 Na6
9. Rb1 h6 10. b4 axb4 11. axb4 Bd7 12. Nd2 Qc8 13. Nde4 Nxe4 14. dxe4 Be6 15.
Nd5 Kh7 16. Qd2 Nb8 17. Bb2 Nd7 18. f4 Bxd5 19. exd5 exf4 20. Bxg7 Kxg7 21. gxf4
Qd8 22. e4 Re8 23. Rbe1 f6 24. Re3 Re7 25. Bh3 Nf8 26. Qd4 Ra2 27. e5 Nh7 28.
Rfe1 dxe5 29. fxe5 f5 30. e6+ Kg8 31. Bg2 Ng5 32. h4 Ne4 33. Bxe4 fxe4 34. Qe5
Rd2 35. Rxe4 c6 36. Rd4 Rxd4 37. Qxd4 cxd5 38. cxd5 Qd6 39. Kg2 Rc7 40. Re2 b5
41. Qe5 Qxe5 42. Rxe5 Kf8 43. d6 Rc2+ 44. Kf3 Rd2 45. e7+ Ke8 46. Re6 1-0

[Event "25th European Teams"]
[Site "Batumi GEO"]
[Date "2025.10.13"]
[Round "8.9"]
[Board "1"]
[White "Fedoseev, Vladimir3"]
[Black "Pechac, Jergus"]
[Result "0-1"]
[WhiteTitle "GM"]
[BlackTitle "GM"]
[WhiteElo "2720"]
[BlackElo "2539"]
[WhiteTeam "Slovenia"]
[BlackTeam "Slovakia"]
[WhiteFideId "24130737"]
[BlackFideId "14926970"]
[EventDate "2025.10.05"]

1. d4 Nf6 2. c4 e6 3. g3 Bb4+ 4. Bd2 a5 5. Bg2 d5 6. Qc2 O-O 7. e3 c5 8. dxc5
Na6 9. Ne2 Bxc5 10. O-O b6 11. a3 Bb7 12. Nbc3 Rc8 13. Rad1 Bd6 14. cxd5 Nxd5
15. Qb1 Nxc3 16. Bxc3 Bxg2 17. Kxg2 Qc7 18. Qd3 Qb7+ 19. f3 Be7 20. Qd7 Qc7 21.
Qb5 Nb8 22. Bd4 Nc6 23. Bc3 Bc5 24. Rd3 Rfd8 25. Rfd1 h6 26. Nf4 Rxd3 27. Rxd3
Bd6 28. h4 Ne7 29. Nh5 Nd5 30. Nxg7 Bxg3 31. Nf5 exf5 32. Rxd5 Bxh4 33. f4 Qc6
34. Qxc6 Rxc6 35. Rxf5 Be7 36. Rd5 Bxa3 37. Rd8+ Bf8 38. Bd4 f6 39. Rb8 Kf7 40.
Kf3 Bc5 41. Ke4 h5 42. Rb7+ Kg6 43. f5+ Kh6 44. Bc3 h4 45. Kf3 Bb4 46. Bd4 Bc5
47. Bc3 h3 48. e4 Rd6 49. Rb8 Rd3+ 50. Ke2 Re3+ 51. Kf1 Rf3+ 52. Ke2 Re3+ 53.
Kf1 Kh5 54. Bxf6 Rxe4 55. Rh8+ Kg4 56. Bd8 Rf4+ 57. Ke2 Rf2+ 58. Kd3 Rxf5 59.
Bc7 Bd6 0-1

[Event "25th European Teams"]
[Site "Batumi GEO"]
[Date "2025.10.13"]
[Round "8.9"]
[Board "2"]
[White "Gazik, Viktor"]
[Black "Demchenko, Anton"]
[Result "1/2-1/2"]
[WhiteTitle "GM"]
[BlackTitle "GM"]
[WhiteElo "2556"]
[BlackElo "2628"]
[WhiteTeam "Slovakia"]
[BlackTeam "Slovenia"]
[WhiteFideId "14928752"]
[BlackFideId "4160258"]
[EventDate "2025.10.05"]

1. e4 e5 2. Nf3 Nc6 3. d4 exd4 4. Nxd4 Bc5 5. Be3 Qf6 6. c3 Qg6 7. Qf3 Nf6 8.
Nb5 Bxe3 9. Qxe3 Kd8 10. f3 Re8 11. Nd2 Nd5 12. Qf2 Qh6 13. O-O-O Ne3 14. Re1
Nxf1 15. Rhxf1 d6 16. Nd4 Bd7 17. Kb1 Ne5 18. Rd1 Kc8 19. h3 Ba4 20. N2b3 a5 21.
Nf5 Qg6 22. Rd4 Bd7 23. g4 a4 24. Na1 Nc6 25. Rd2 a3 26. b3 Bxf5 27. gxf5 Qf6
28. Rd3 g6 29. fxg6 hxg6 30. Nc2 Qh8 31. Qg2 Ra5 32. Nd4 Ne5 33. Rd2 Nd7 34. Rh1
Rh5 35. Qf1 d5 36. Nb5 Nb6 37. exd5 Rxd5 38. Rc2 Re3 39. Qf2 Qe5 40. Nxa3 Rdd3
41. f4 Qc5 42. Re2 Nd5 43. Rxe3 Nxc3+ 44. Ka1 Qxe3 45. Qxe3 Rxe3 46. Kb2 Nd5 47.
Nc4 Re2+ 48. Ka3 b5 49. Ne5 Kb7 50. b4 Re3+ 51. Kb2 Nxf4 52. Nxf7 Nd3+ 53. Kb1
Nxb4 54. Rg1 Re7 55. Rg5 c6 56. Ne5 Nd5 57. h4 Kb6 58. a3 Re6 59. Kb2 Nf4 60.
Rg4 Nd5 61. Nxg6 Re2+ 62. Kc1 Rh2 63. Ne5 Nc3 64. Rg6 Ne2+ 65. Kb1 Nd4 66. Rg4
c5 67. Rg5 c4 68. h5 c3 69. Nd3 Rh1+ 70. Ka2 Rh2+ 71. Kb1 Rd2 72. Nb4 Rd1+ 73.
Ka2 Rd2+ 74. Kb1 Rd1+ 75. Ka2 c2 76. Nxc2 Nxc2 77. Rg4 Ne3 78. Rh4 Rd2+ 79. Kb1
Rd1+ 80. Ka2 Nf5 81. Rf4 Nd4 82. h6 Rd2+ 83. Kb1 Nc6 84. Rh4 Rd8 85. h7 Rh8 86.
Kb2 Kc5 87. Kc3 Kb6 88. Rh6 Kc7 89. Rh5 Kd7 90. Rxb5 Ke6 91. Rh5 1/2-1/2

[Event "25th European Teams"]
[Site "Batumi GEO"]
[Date "2025.10.13"]
[Round "8.9"]
[Board "3"]
[White "Lavrencic, Matic"]
[Black "Sahidi, Samir"]
[Result "1-0"]
[WhiteTitle "IM"]
[BlackTitle "IM"]
[WhiteElo "2479"]
[BlackElo "2490"]
[WhiteTeam "Slovenia"]
[BlackTeam "Slovakia"]
[WhiteFideId "14637847"]
[BlackFideId "14936372"]
[EventDate "2025.10.05"]

1. e4 e5 2. Nf3 Nc6 3. Bc4 Bc5 4. c3 Nf6 5. d3 d6 6. O-O a6 7. a4 Ba7 8. Re1 O-O
9. h3 h6 10. Nbd2 Ne7 11. Bb3 Ng6 12. d4 Re8 13. a5 Bd7 14. Bc2 Bc6 15. Ra3 Qc8
16. b4 b5 17. axb6 Bxb6 18. Nc4 Qb7 19. d5 Bb5 20. Nxb6 cxb6 21. Be3 Rec8 22.
Qa1 Be8 23. Nd2 b5 24. Bd3 Nf4 25. Bf1 g5 26. c4 bxc4 27. Nxc4 Rxc4 28. Bxc4
Qxb4 29. Bf1 Rb8 30. f3 N6h5 31. Bf2 Ng7 32. Rxa6 f5 33. Ra8 Rxa8 34. Qxa8 fxe4
35. Rxe4 Qb1 36. Qd8 Kh7 37. Qxd6 Nd3 38. Qb6 Qd1 39. d6 Bd7 40. Re3 Nf4 41. Re1
Qd2 42. Rxe5 Nge6 43. Be3 1-0

[Event "25th European Teams"]
[Site "Batumi GEO"]
[Date "2025.10.13"]
[Round "8.9"]
[Board "4"]
[White "Haring, Filip"]
[Black "Sebenik, Matej"]
[Result "1/2-1/2"]
[WhiteTitle "IM"]
[BlackTitle "GM"]
[WhiteElo "2479"]
[BlackElo "2505"]
[WhiteTeam "Slovakia"]
[BlackTeam "Slovenia"]
[WhiteFideId "14933080"]
[BlackFideId "14602296"]
[EventDate "2025.10.05"]

1. e4 c5 2. Nf3 Nc6 3. Bb5 d6 4. O-O Bd7 5. Re1 a6 6. Bxc6 Bxc6 7. d4 cxd4 8.
Nxd4 Rc8 9. c4 g6 10. Nc3 Bg7 11. Nxc6 Rxc6 12. Nd5 Nf6 13. Qb3 Nxd5 14. exd5
Rc7 15. Be3 Qd7 16. Bg5 e5 17. dxe6 fxe6 18. Qf3 Qf7 19. Qe2 O-O 20. Rad1 d5 21.
cxd5 exd5 22. Be3 Re7 23. Qd2 d4 24. Bxd4 Rd8 25. Rxe7 Qxe7 26. Qe3 Qf7 27. Rd3
Qxa2 28. h3 Qd5 29. Bc3 Qxd3 30. Qe6+ Kh8 31. Bxg7+ Kxg7 32. Qe7+ 1/2-1/2

[Event "25th European Teams"]
[Site "Batumi GEO"]
[Date "2025.10.13"]
[Round "8.10"]
[Board "1"]
[White "Wojtaszek, Radoslaw"]
[Black "Nguyen, Thai Dai Van"]
[Result "1-0"]
[WhiteTitle "GM"]
[BlackTitle "GM"]
[WhiteElo "2654"]
[BlackElo "2664"]
[WhiteTeam "Poland"]
[BlackTeam "Czech Republic"]
[WhiteFideId "1118358"]
[BlackFideId "358878"]
[EventDate "2025.10.05"]

1. d4 d5 2. c4 e6 3. Nf3 Nf6 4. Nc3 Nbd7 5. cxd5 exd5 6. Bg5 c6 7. e3 Be7 8. Qc2
Nh5 9. Bxe7 Qxe7 10. h3 g6 11. Be2 Ng7 12. g4 Nb6 13. O-O-O Be6 14. Kb1 O-O-O
15. a4 h5 16. Ne5 Nd7 17. Nd3 Ne8 18. Nf4 Ndf6 19. g5 Ng8 20. e4 Qxg5 21. Ncxd5
Bxd5 22. Nxd5 Kb8 23. h4 Qg2 24. Nf4 Qxf2 25. Nd3 Qf6 26. Nc5 Qe7 27. Rh3 Ka8
28. Rb3 b6 29. Na6 Qb7 30. a5 b5 31. Nb4 Ne7 32. a6 Qb6 33. Rc3 Nd6 34. e5 Nc4
35. Bxc4 bxc4 36. Rxc4 Rc8 37. d5 c5 38. d6 cxb4 39. dxe7 1-0

[Event "25th European Teams"]
[Site "Batumi GEO"]
[Date "2025.10.13"]
[Round "8.10"]
[Board "2"]
[White "Navara, David"]
[Black "Teclaf, Pawel"]
[Result "1-0"]
[WhiteTitle "GM"]
[BlackTitle "GM"]
[WhiteElo "2656"]
[BlackElo "2563"]
[WhiteTeam "Czech Republic"]
[BlackTeam "Poland"]
[WhiteFideId "309095"]
[BlackFideId "1185934"]
[EventDate "2025.10.05"]

1. d4 Nf6 2. c4 e6 3. Nf3 b6 4. g3 Bb4+ 5. Bd2 Be7 6. Nc3 Bb7 7. Bg2 c6 8. Bf4
d5 9. cxd5 Nxd5 10. Qc2 Nd7 11. O-O Rc8 12. Rac1 N7f6 13. Rfd1 O-O 14. Ne5 Nxf4
15. gxf4 Nd5 16. e3 Qe8 17. Qa4 f6 18. Nd3 c5 19. Qxe8 Rfxe8 20. dxc5 bxc5 21.
b3 c4 22. bxc4 Rxc4 23. Nb5 Rxc1 24. Rxc1 Rd8 25. Nxa7 Ba3 26. Rb1 Ba6 27. Nc6
Nc3 28. Rb6 Rxd3 29. Rxa6 Nxa2 30. Bf1 Rc3 31. Nd4 Nb4 32. Ra8+ Kf7 33. Nb5 Bb2
34. Nxc3 Bxc3 35. Ra3 Bd2 36. Ra7+ Kg6 37. Re7 1-0

[Event "25th European Teams"]
[Site "Batumi GEO"]
[Date "2025.10.13"]
[Round "8.10"]
[Board "3"]
[White "Kosakowski, Jakub"]
[Black "Finek, Vaclav"]
[Result "0-1"]
[WhiteTitle "GM"]
[BlackTitle "IM"]
[WhiteElo "2550"]
[BlackElo "2518"]
[WhiteTeam "Poland"]
[BlackTeam "Czech Republic"]
[WhiteFideId "1185080"]
[BlackFideId "23718293"]
[EventDate "2025.10.05"]

1. e4 c5 2. Nf3 g6 3. c3 d5 4. e5 Bg4 5. Bb5+ Nc6 6. d3 Bg7 7. Nbd2 Qb6 8. Bxc6+
Qxc6 9. O-O e6 10. h3 Bxf3 11. Nxf3 Ne7 12. Re1 Qc7 13. Qa4+ Nc6 14. Be3 b6 15.
Bg5 O-O 16. Bf6 Ne7 17. Bxg7 Kxg7 18. Qf4 h6 19. Nh2 Qd8 20. Re2 Nf5 21. Qd2 Ne7
22. Ng4 Ng8 23. g3 Rb8 24. a4 a6 25. Nh2 Qc7 26. Ree1 Rfc8 27. Nf3 Qd8 28. Qf4
Rb7 29. Kg2 c4 30. dxc4 Rxc4 31. Qd2 Qd7 32. b3 Rc8 33. Qd3 b5 34. Nd4 bxa4 35.
bxa4 Rc4 36. a5 Qc7 37. Ra3 Ne7 38. Qf3 Nf5 39. Nxf5+ gxf5 40. g4 Qe7 41. Raa1
fxg4 42. hxg4 Qh4 43. Rab1 Rxb1 44. Rxb1 Qxg4+ 45. Qxg4+ Rxg4+ 46. Kf3 Ra4 47.
Ke3 Rxa5 48. Rg1+ Kh7 49. Kd3 Ra4 50. Rg3 Rf4 51. f3 Rf5 52. Kd4 a5 0-1

[Event "25th European Teams"]
[Site "Batumi GEO"]
[Date "2025.10.13"]
[Round "8.10"]
[Board "4"]
[White "Vykouk, Jan"]
[Black "Malek, Jan"]
[Result "0-1"]
[WhiteTitle "IM"]
[BlackTitle "GM"]
[WhiteElo "2516"]
[BlackElo "2508"]
[WhiteTeam "Czech Republic"]
[BlackTeam "Poland"]
[WhiteFideId "349658"]
[BlackFideId "21864080"]
[EventDate "2025.10.05"]

1. e4 e6 2. d4 d5 3. Nc3 Bb4 4. Ne2 dxe4 5. a3 Be7 6. Nxe4 Nf6 7. N2c3 O-O 8.
Be3 Nxe4 9. Nxe4 f5 10. Nc3 f4 11. Bc1 Nc6 12. Ne2 e5 13. dxe5 Qxd1+ 14. Kxd1 g5
15. h4 h6 16. hxg5 hxg5 17. Bd2 Bf5 18. Bc3 Rad8+ 19. Kc1 Bc5 20. f3 Be3+ 21.
Kb1 Rd1+ 22. Ka2 Rfd8 23. b3 Rxa1+ 24. Kxa1 Rd1+ 25. Kb2 Be6 26. g3 Kf7 27. gxf4
gxf4 28. Bg2 Rxh1 29. Bxh1 Bh3 30. Nc1 Ne7 31. Nd3 Ng6 32. Be1 Ke6 33. Bf2 Bxf2
34. Nxf2 Bf1 35. Kc3 Kxe5 36. Kd2 Nh4 37. Ke1 Bb5 38. c3 a5 39. Ng4+ Ke6 40. Nf2
a4 41. bxa4 Bxa4 42. Nd3 Kf5 43. Kf2 Bb5 44. Nb2 Ng6 45. Bg2 Ne5 46. a4 Bc6 47.
a5 Kg5 48. Bf1 Nxf3 49. Nd3 Nd2 50. Nb4 Be4 51. a6 bxa6 52. Bxa6 c5 53. Nd3 Bxd3
54. Bxd3 Kg4 55. Ke2 Nf3 56. Be4 Ne5 57. Kf2 f3 58. Ke3 Nc4+ 59. Kd3 Kf4 60. Bb7
Ne3 61. Bc8 f2 62. Bh3 Kf3 0-1

[Event "25th European Teams"]
[Site "Batumi GEO"]
[Date "2025.10.13"]
[Round "8.11"]
[Board "1"]
[White "Saric, Ivan"]
[Black "Bjerre, Jonas Buhl"]
[Result "1/2-1/2"]
[WhiteTitle "GM"]
[BlackTitle "GM"]
[WhiteElo "2661"]
[BlackElo "2629"]
[WhiteTeam "Croatia"]
[BlackTeam "Denmark"]
[WhiteFideId "14508150"]
[BlackFideId "1444948"]
[EventDate "2025.10.05"]

1. e4 e5 2. Nf3 Nc6 3. Bb5 a6 4. Ba4 Bc5 5. c3 Nge7 6. O-O Ng6 7. d4 Ba7 8. Bxc6
dxc6 9. Nxe5 Nxe5 10. dxe5 Qe7 11. Qf3 Qxe5 12. Be3 Bxe3 13. Qxe3 Qe7 14. Nd2 b6
15. Rad1 Bb7 16. Nc4 O-O 17. Qf4 Rad8 18. h4 h6 19. Ne3 Bc8 20. a3 Be6 21. Rfe1
Rxd1 22. Rxd1 Rd8 23. Rxd8+ Qxd8 24. g3 a5 25. Nf5 c5 26. Kg2 Bxf5 27. Qxf5 Qd3
28. Qc8+ Kh7 29. Qf5+ Kg8 30. Qe5 g6 31. Qd5 Qe2 32. b3 h5 33. a4 Kg7 34. Qe5+
Kg8 35. Qe8+ Kg7 36. Qe5+ Kg8 37. Qe7 Qc2 38. Qe8+ Kg7 39. Qe5+ Kg8 40. Qe8+ Kg7
41. Qe5+ 1/2-1/2

[Event "25th European Teams"]
[Site "Batumi GEO"]
[Date "2025.10.13"]
[Round "8.11"]
[Board "2"]
[White "Thybo, Jesper Sondergaard"]
[Black "Brkic, Ante"]
[Result "0-1"]
[WhiteTitle "GM"]
[BlackTitle "GM"]
[WhiteElo "2578"]
[BlackElo "2578"]
[WhiteTeam "Denmark"]
[BlackTeam "Croatia"]
[WhiteFideId "1438832"]
[BlackFideId "14506688"]
[EventDate "2025.10.05"]

1. d4 Nf6 2. c4 e6 3. Nf3 d5 4. Nc3 Bb4 5. Bg5 O-O 6. e3 c5 7. cxd5 exd5 8. dxc5
Nbd7 9. Be2 Bxc3+ 10. bxc3 Nxc5 11. Qd4 Nce4 12. Bxf6 Nxf6 13. O-O Bg4 14. h3
Bxf3 15. Bxf3 Qa5 16. Rab1 b6 17. c4 Qa4 18. Rfd1 Rac8 19. cxd5 Rc4 20. Qe5 Re8
21. Qf5 Rc2 22. d6 Rd8 23. Rbc1 Rxc1 24. Rxc1 Qb4 25. Rc6 h6 26. e4 Nd7 27. Bg4
Qd4 28. Rc7 g6 29. Qb5 Ne5 30. d7 Kf8 31. Rxa7 Nd3 32. Kh2 Nxf2 33. Bf3 Nxe4 34.
Bxe4 Qxe4 35. Ra4 Qf5 36. Qxf5 0-1

[Event "25th European Teams"]
[Site "Batumi GEO"]
[Date "2025.10.13"]
[Round "8.11"]
[Board "3"]
[White "Martinovic, Sasa"]
[Black "Andersen, Mads"]
[Result "1/2-1/2"]
[WhiteTitle "GM"]
[BlackTitle "GM"]
[WhiteElo "2553"]
[BlackElo "2556"]
[WhiteTeam "Croatia"]
[BlackTeam "Denmark"]
[WhiteFideId "14509792"]
[BlackFideId "1413864"]
[EventDate "2025.10.05"]

1. d4 d5 2. c4 e6 3. Nc3 Nf6 4. cxd5 Nxd5 5. e4 Nxc3 6. bxc3 c5 7. Rb1 cxd4 8.
cxd4 Nc6 9. Nf3 Bb4+ 10. Bd2 a5 11. Bxb4 axb4 12. Bc4 O-O 13. O-O Qd6 14. Re1
Rd8 15. d5 exd5 16. exd5 Na5 17. Bd3 b5 18. Ng5 h6 19. Qh5 Qf6 20. Ne4 Qf5 21.
Qh4 Bb7 22. d6 Nc6 23. Rbd1 Ne5 24. Ng3 Qxd3 25. Rxd3 Nxd3 26. Nf5 Nxe1 27. Qd4
f6 28. Qg4 Kf7 29. Qxg7+ Ke6 30. Qxb7 Kxf5 31. Qxb5+ Ke6 32. Qxb4 Nxg2 33. Kxg2
Rab8 34. Qf4 Rxd6 35. Qe4+ Kd7 36. Qh7+ Ke6 37. Qe4+ Kd7 38. Qh7+ Ke6 39. Qxh6
Rg8+ 40. Kf1 Rg5 41. h4 Re5 42. a4 Rd1+ 43. Kg2 Rd4 44. Qh8 Kf7 45. Qh7+ Ke6 46.
Qh8 Kf7 47. h5 Rxa4 48. Qh7+ Ke6 49. h6 Rg5+ 50. Kf3 Rh4 51. Qh8 Kf7 52. Qh7+
Ke6 53. Qh8 Kf7 54. Qh7+ 1/2-1/2

[Event "25th European Teams"]
[Site "Batumi GEO"]
[Date "2025.10.13"]
[Round "8.11"]
[Board "4"]
[White "Ochsner, Bjorn Moller"]
[Black "Stevic, Hrvoje"]
[Result "1-0"]
[WhiteTitle "GM"]
[BlackTitle "GM"]
[WhiteElo "2461"]
[BlackElo "2522"]
[WhiteTeam "Denmark"]
[BlackTeam "Croatia"]
[WhiteFideId "1416928"]
[BlackFideId "14502569"]
[EventDate "2025.10.05"]

1. e4 e5 2. Nf3 Nf6 3. d4 Nxe4 4. Bd3 d5 5. Nxe5 Bd6 6. Nd2 Bxe5 7. dxe5 Nc5 8.
Nf3 Bg4 9. Be2 Nc6 10. O-O O-O 11. Be3 Na4 12. c4 Nb6 13. cxd5 Nxd5 14. Bg5 Qd7
15. h3 Be6 16. Qd2 h6 17. Bh4 Nde7 18. Qc2 Nf5 19. Rad1 Ncd4 20. Nxd4 Nxd4 21.
Qe4 c5 22. Bg4 Rae8 23. Rfe1 f5 24. exf6 Bxg4 25. Qxg4 Qxg4 26. hxg4 g5 27. Rxe8
Rxe8 28. Bg3 Kf7 29. Kf1 Kxf6 30. Bd6 Ne6 31. Rd5 b6 32. Rf5+ Kg6 33. Re5 Kf6
34. Rf5+ Kg6 35. Be5 Nd4 36. Rf6+ Kh7 37. Rf7+ Kg8 38. Rg7+ Kf8 39. Bxd4 cxd4
40. Rxa7 d3 41. Rd7 Re2 42. b3 Rxa2 43. Rxd3 Rb2 44. g3 b5 45. Kg2 Ke7 46. Kf3
Ke6 47. Ke3 b4 48. f4 gxf4+ 49. gxf4 Kf6 50. Ke4 Re2+ 51. Re3 Rg2 52. Rh3 Kg6
53. f5+ Kg7 54. Kf4 Rb2 55. Rd3 Rb1 56. Ke5 Rb2 57. Rd7+ Kg8 1-0

[Event "25th European Teams"]
[Site "Batumi GEO"]
[Date "2025.10.13"]
[Round "8.12"]
[Board "1"]
[White "Kazakouski, Valery"]
[Black "Kacharava, Nikolozi"]
[Result "1-0"]
[WhiteTitle "GM"]
[BlackTitle "GM"]
[WhiteElo "2581"]
[BlackElo "2486"]
[WhiteTeam "Lithuania"]
[BlackTeam "Georgia 1"]
[WhiteFideId "13507443"]
[BlackFideId "13611860"]
[EventDate "2025.10.05"]

1. c4 e5 2. g3 d6 3. Nc3 f5 4. d4 Be7 5. Bh3 Na6 6. dxe5 dxe5 7. Qxd8+ Bxd8 8.
Nf3 Bf6 9. e4 Ne7 10. O-O Nc5 11. Bg2 fxe4 12. Ng5 Bf5 13. Ngxe4 Nxe4 14. Nxe4
O-O-O 15. Be3 b6 16. a4 Bd7 17. a5 Bc6 18. axb6 axb6 19. b4 Kb8 20. b5 Bb7 21.
c5 bxc5 22. Rfc1 Nd5 23. Nxc5 e4 24. Nxb7 Kxb7 25. Ra7+ Kb8 26. Bxe4 Rhe8 27.
Bxd5 Rxd5 28. Rcxc7 Rxb5 29. Bf4 Be5 30. Bxe5 Rbxe5 31. Rcb7+ Kc8 32. Rxg7 Kb8
33. Rgb7+ 1-0

[Event "25th European Teams"]
[Site "Batumi GEO"]
[Date "2025.10.13"]
[Round "8.12"]
[Board "2"]
[White "Pantsulaia, Levan"]
[Black "Stremavicius, Titas"]
[Result "1-0"]
[WhiteTitle "GM"]
[BlackTitle "GM"]
[WhiteElo "2457"]
[BlackElo "2531"]
[WhiteTeam "Georgia 1"]
[BlackTeam "Lithuania"]
[WhiteFideId "13602071"]
[BlackFideId "12804444"]
[EventDate "2025.10.05"]

1. Nf3 d5 2. g3 Nf6 3. Bg2 e6 4. O-O Be7 5. c4 O-O 6. b3 d4 7. e3 c5 8. exd4
cxd4 9. d3 Nc6 10. Na3 e5 11. Nc2 a5 12. Re1 Nd7 13. a3 f6 14. Rb1 Kh8 15. b4
axb4 16. axb4 Nb6 17. Nh4 g5 18. Nf3 Bf5 19. b5 Nb8 20. h4 Na4 21. Bd2 Bxd3 22.
hxg5 Nd7 23. Ra1 Nac5 24. Rxa8 Qxa8 25. Ncxd4 Qa2 26. gxf6 Bxf6 27. Bh6 exd4 28.
Bxf8 Nxf8 29. Ne5 Bxe5 30. Rxe5 Qxc4 31. Bd5 Qc2 32. Qf3 Qc1+ 33. Kg2 Ncd7 34.
Re7 Bg6 35. Qg4 Qc5 36. Rxd7 h5 37. Qh3 Nxd7 38. Qxd7 b6 39. Qc6 Qc2 40. Qf6+
Kh7 41. Qe7+ 1-0

[Event "25th European Teams"]
[Site "Batumi GEO"]
[Date "2025.10.13"]
[Round "8.12"]
[Board "3"]
[White "Pultinevicius, Paulius"]
[Black "Jobava, Baadur"]
[Result "1-0"]
[WhiteTitle "GM"]
[BlackTitle "GM"]
[WhiteElo "2532"]
[BlackElo "2573"]
[WhiteTeam "Lithuania"]
[BlackTeam "Georgia 1"]
[WhiteFideId "12809390"]
[BlackFideId "13601520"]
[EventDate "2025.10.05"]

1. c4 e5 2. Nc3 Nf6 3. g3 d5 4. cxd5 Nxd5 5. Bg2 Nb6 6. Nf3 Nc6 7. O-O Be7 8. d3
Bg4 9. a3 O-O 10. Be3 Kh8 11. Rc1 f5 12. b4 f4 13. Bd2 a6 14. Ne4 Nd7 15. Bc3
Qe8 16. a4 fxg3 17. hxg3 Nxb4 18. Bxb4 Bxb4 19. Rxc7 Qb8 20. Rc4 Be7 21. a5 Be6
22. Rc1 Qd8 23. Qa4 Bd5 24. Bh3 Bc6 25. Rxc6 bxc6 26. Qxc6 Ra7 27. Rb1 Bf6 28.
Nfd2 Qc7 29. Qd5 Rd8 30. Nc4 Nf8 31. Ncd6 Qe7 32. Rb6 g6 33. Qb3 Qg7 34. Rxa6
Rc7 35. Rc6 Rxc6 36. Nf7+ Qxf7 37. Qxf7 Bg7 38. Qb7 Rc1+ 39. Kg2 Rd4 40. a6 Ra4
41. Nd6 Rca1 42. Ne8 Bh6 43. Nc7 Bg7 44. Be6 Rxa6 45. Nxa6 Nxe6 46. Nc7 1-0

[Event "25th European Teams"]
[Site "Batumi GEO"]
[Date "2025.10.13"]
[Round "8.12"]
[Board "4"]
[White "Paichadze, Luka"]
[Black "Morkunas, Gustas"]
[Result "1-0"]
[WhiteTitle "GM"]
[BlackTitle "FM"]
[WhiteElo "2502"]
[BlackElo "2324"]
[WhiteTeam "Georgia 1"]
[BlackTeam "Lithuania"]
[WhiteFideId "13602934"]
[BlackFideId "12831026"]
[EventDate "2025.10.05"]

1. e4 c5 2. Nf3 e6 3. c3 d5 4. e5 d4 5. g3 Nc6 6. d3 Nge7 7. Bg2 Ng6 8. Qe2 Qc7
9. Na3 a6 10. O-O Ncxe5 11. Nxe5 Qxe5 12. Be4 f5 13. cxd4 cxd4 14. Nc4 Qf6 15.
Bg2 Bc5 16. h4 O-O 17. Bg5 Qf7 18. h5 Ne7 19. Rac1 Nc6 20. Bxc6 bxc6 21. Ne5 Qa7
22. Nxc6 Qb6 23. Qe5 Qxc6 24. Rxc5 Qe8 25. Rc7 Bd7 26. h6 Rf7 27. Rfc1 Qf8 28.
Qxd4 gxh6 29. Rxd7 hxg5 30. Rcc7 Rxd7 31. Qxd7 Qh6 32. Rc6 Qg7 33. Qxe6+ Qf7 34.
Qc4 a5 35. Rc5 a4 36. Rxf5 Qxc4 37. Rxg5+ 1-0

[Event "25th European Teams"]
[Site "Batumi GEO"]
[Date "2025.10.13"]
[Round "8.13"]
[Board "1"]
[White "Kadric, Denis"]
[Black "Alekseenko, Kirill"]
[Result "1-0"]
[WhiteTitle "GM"]
[BlackTitle "GM"]
[WhiteElo "2533"]
[BlackElo "2679"]
[WhiteTeam "Montenegro"]
[BlackTeam "Austria"]
[WhiteFideId "14403803"]
[BlackFideId "4135539"]
[EventDate "2025.10.05"]

1. e4 c5 2. Nf3 d6 3. d4 cxd4 4. Nxd4 Nf6 5. Nc3 a6 6. Bg5 e6 7. f3 Be7 8. Qd2
O-O 9. O-O-O b5 10. a3 Bb7 11. h4 Nbd7 12. Kb1 Rb8 13. g4 d5 14. Bxf6 Nxf6 15.
g5 Nh5 16. exd5 Ng3 17. Rg1 Nxf1 18. Rgxf1 Bxd5 19. Qf4 Rc8 20. Nf5 Re8 21. Rg1
Bc5 22. Rg2 Rc7 23. Nxd5 exd5 24. h5 Re6 25. Nd4 Rb6 26. Rgd2 Bf8 27. Nf5 Rc4
28. Qg3 Rc5 29. f4 b4 30. a4 Qd7 31. Nd4 Qxa4 32. Nb3 Rc8 33. Rxd5 Qe8 34. Qd3
Rbc6 35. Nd4 Rd6 36. Rxd6 Bxd6 37. f5 Bc5 38. Nb3 Be7 39. Re1 Qf8 40. f6 gxf6
41. Qf5 Rc6 42. g6 Kh8 43. gxh7 Bc5 44. Re4 1-0